| 000 | 00505nam a2200193Ia 4500 | ||
|---|---|---|---|
| 003 | GCL | ||
| 008 | 140319s9999 xx 000 0 eng d | ||
| 040 |
_aGCL / _cGCL |
||
| 082 | 0 | 4 |
_a759.05 _bA L |
| 100 | 1 | _aJULER, CARALINE. | |
| 245 | 1 | 0 |
_aLES ORIENTALISTES DE L'ECOLE ITALIENNE / _cJULER, CARALINE. |
| 700 | 1 | _aTHARNTON, LYNNE | |
| 260 |
_a[S.N] : _bACR EDITION, COURBEVOIE ، _c1983 |
||
| 300 | _a301 | ||
| 650 | 0 | 4 | _aPAINTERS |
| 650 | 0 | 4 | _aORIENTALISTS |
| 650 | 0 | 4 | _aPAINTINGS |
| 942 |
_2ddc _cBK |
||
| 999 |
_c17575 _d17575 |
||